Opatrenie Ministerstva financií SR

Opatrenie Ministerstva financií SR z 5.2.1996 na zamedzenie nezrovnalosti zákona č. 286/1992 Zb. o daniach z príjmov v znení neskorších predpisov, o uznaní výšky výdavkov (nákladov) pri predčasnom ukončení zmluvy o nájme vecí s dojednaným právom kúpy najatej veci.

Gespeichert in:
Bibliographische Detailangaben
1. Verfasser: Kozlík, Sergej
Format: Buchkapitel
Sprache:Slowakisch
Schlagworte:
Tags: Tag hinzufügen
Keine Tags, Fügen Sie das erste Tag hinzu!

MARC

LEADER 00000naa a2200000 4500
001 r020709
005 20230801103322.2
041 0 |a slo 
044 |a SK 
245 1 0 |a Opatrenie Ministerstva financií SR  |c Sergej Kozlík 
520 |a Opatrenie Ministerstva financií SR z 5.2.1996 na zamedzenie nezrovnalosti zákona č. 286/1992 Zb. o daniach z príjmov v znení neskorších predpisov, o uznaní výšky výdavkov (nákladov) pri predčasnom ukončení zmluvy o nájme vecí s dojednaným právom kúpy najatej veci. 
610 2 0 |a Slovensko 
610 2 0 |a 1992 
610 2 0 |a 1996 
610 2 0 |a dane z príjmov 
610 2 0 |a MF SR Bratislava 
610 2 0 |a opatrenia 
610 2 0 |a zákony 
100 1 |a Kozlík, Sergej